MARC

LEADER 00000nam0a2200000 4500
001 335881
005 20231102004811.0
035 |a (RuTPU)RU\TPU\book\362293 
090 |a 335881 
100 |a 20171004d1915 m y0rusy50 ca 
101 0 |a rus 
102 |a RU 
105 |a a z 000zy 
200 1 |a Значение математики в познании мира и новые области её приложения. (Возможность предсказания войн) 
210 |a Самара  |c Типография А. Козлова  |d 1915 
215 |a 55 с.  |c черт. 
606 |a Математика  |x Философские проблемы  |2 stltpush  |3 (RuTPU)RU\TPU\subj\41191  |9 61003 
610 1 |a познание мира 
610 1 |a мировозрение 
610 1 |a астрономия 
610 1 |a Солнечная система 
610 1 |a физика 
610 1 |a свобода воли 
610 1 |a математика 
610 1 |a реальность субъективная 
610 1 |a социальная психология 
675 |a 51:1  |v 4 
700 1 |a Кармилов  |b В. И.  |c российский физик  |f 1889-1954  |g Владимир Иванович  |2 stltpush  |3 (RuTPU)RU\TPU\pers\39588 
801 1 |a RU  |b 63413507  |c 20171004 
801 2 |a RU  |b 63413507  |c 20220211  |g RCR 
942 |c BK